Faculty of Law Library — Cairo University

Official Online Catalog

المحكمة المختصة و القانون الواجب تطبيقه بشأن دعاوي المسئولية و التعويض عن مضار التلوث البيئي العابر للحدود (Record no. 46249)

MARC details
000 -LEADER
fixed length control field 01232nam a22002897i 4500
003 - CONTROL NUMBER IDENTIFIER
control field EG-GICUC
005 - DATE AND TIME OF LATEST TRANSACTION
control field 20260121101348.0
008 - FIXED-LENGTH DATA ELEMENTS--GENERAL INFORMATION
fixed length control field 251126s2005 ua ||||f |||| 000 0 ara d
040 ## - CATALOGING SOURCE
Original cataloging agency EG-GICUC
Language of cataloging ara
Transcribing agency EG-GICUC
Modifying agency EG-GICUC
Description conventions rda
041 ## - LANGUAGE CODE
Language code of text/sound track or separate title ara
082 04 - DEWEY DECIMAL CLASSIFICATION NUMBER
Edition number 21
Classification number 341.7623
Item number ج م . م
092 04 - LOCALLY ASSIGNED DEWEY CALL NUMBER (OCLC)
Edition number 21
099 ## - LOCAL FREE-TEXT CALL NUMBER (OCLC)
Classification number Law1 12 341.7623 ج م . م 2005
100 0# - MAIN ENTRY--PERSONAL NAME
Personal name جمال محمود الكردي
Relator term مؤلف.
245 12 - TITLE STATEMENT
Title المحكمة المختصة و القانون الواجب تطبيقه بشأن دعاوي المسئولية و التعويض عن مضار التلوث البيئي العابر للحدود
Statement of responsibility, etc. الدكتور جمال محمود الكردي
264 #1 - PRODUCTION, PUBLICATION, DISTRIBUTION, MANUFACTURE, AND COPYRIGHT NOTICE
Place of production, publication, distribution, manufacture الأسكندرية :
Name of producer, publisher, distributor, manufacturer دار الجامعة الجديد للنشر,
Date of production, publication, distribution, manufacture, or copyright notice 2005.
300 ## - PHYSICAL DESCRIPTION
Extent 230صفحة
Dimensions 24 سم
336 ## - CONTENT TYPE
Source rda content
Content type term text
337 ## - MEDIA TYPE
Source rda media
Media type term Computer
338 ## - CARRIER TYPE
Source rda carrier
Carrier type term Online Resource
546 ## - LANGUAGE NOTE
Language note النص أغلبه باللغة العربية مع بعض النصوص الفرنسية
650 1# - SUBJECT ADDED ENTRY--TOPICAL TERM
Topical term or geographic name entry element التلوث -- رقابة -- قانون دولي
Source of heading or term qrmak
651 1# - SUBJECT ADDED ENTRY--GEOGRAPHIC NAME
Source of heading or term qrmak
856 40 - ELECTRONIC LOCATION AND ACCESS
Uniform Resource Identifier <a href="https://fll.law.cu.edu.eg/fulltext/bks/B12-01228.pdf">https://fll.law.cu.edu.eg/fulltext/bks/B12-01228.pdf</a>
905 ## - Cataloger and Reviser Names
Cataloger Name: Eman Ibrahim
942 ## - ADDED ENTRY ELEMENTS (KOHA)
Source of classification or shelving scheme Dewey Decimal Classification
Koha item type Books
Edition 21
Suppress in OPAC No
Holdings
Withdrawn status Lost status Source of classification or shelving scheme Damaged status Not for loan Collection Home library Current library Date acquired Total checkouts Full call number Barcode Date last seen Copy number Price effective from Koha item type
    Dewey Decimal Classification   Not for loan القانون الدولي الخاص جــــامعة القــاهرة مكتبة كلية الحقوق - المبنى الرئيسي 26.11.2025   Law1 12 341.7623 ج م . م 2005 1201228 C1 B12-01228 26.11.2025 1 26.11.2025 Books

© All rights reserved — Faculty of Law, Cairo University